| 000 | 00474nam a2200145Ia 4500 | ||
|---|---|---|---|
| 008 | 220216s9999 xx 000 0 und d | ||
| 100 | _aSen P | ||
| 245 | 0 | _aSurface modification of EPDM rubber by electron beam irradiation | |
| 260 |
_bProceedings of the International Conference on Rubbers, Calcutta, December 12-14 1997, Vol. III, pp. 174-177. _c1997 |
||
| 700 | _aBhowmick A K | ||
| 700 | _aDeshpande R S | ||
| 700 | _aMajali A B | ||
| 700 | _aTikku V K | ||
| 942 | _cJS | ||
| 999 |
_c69999 _d69999 |
||